| 000 | 00418nam a2200169 a 4500 | ||
|---|---|---|---|
| 001 | 3202 | ||
| 005 | 20140414131921.0 | ||
| 008 | 040129s19uu xx 00 eng d | ||
| 020 | _a0-307-01028-7 | ||
| 050 |
_aER _bT41 1992 |
||
| 100 | _aBanta, Milt | ||
| 245 |
_aThree little pigs / _cMilt Banta. |
||
| 260 |
_aU.S.A : _bWalt Disney, _c1992. |
||
| 300 | _ap. ; cm. | ||
| 650 |
_aPigs _xfiction. |
||
| 999 |
_c111733 _d111733 |
||